000 00594nam a2200253 a 4500
003 AR-BaBNM
005 20251128204429.0
008 082120s2002 ||||||||||||||000 | spa||
020 _a950-13-9013-6
040 _cAR-BaBNM
245 0 0 _aJuguetes de madera
260 _aBuenos Aires
_bKapelusz
_c1970
300 _a103 p.
_bil., gráfs.
490 0 _aCómo hacer
650 4 _aARTE
650 4 _aARTESANIAS
650 4 _aEDUCACION ARTISTICA
650 4 _aJUGUETES
650 4 _aMADERA
650 4 _aTRABAJO EN MADERA
653 _aMANUALIDADES
942 _cBK
998 _cEnrique
999 _c7398
_d7398